00000000nam 2200000zi 4500
0019.947566
003CaOODSP
00520250130134000
006m     o  d f      
007cr mn|||||||||
008250130s197310##nkc     ob   f000 0 eng d
040 |aCaOODSP|beng|erda|cCaOODSP
0861 |aFs52-1/431E-PDF
1001 |aSochasky, Jeffrey B., |eauthor.
24510|aFailure to accelerate molting following eyestalk ablation in decapod crustaceans : |ba review of the literature / |cby Jeffrey B. Sochasky.
260 |aSt. Andrews, N.B. : |bFisheries Research Board of Canada, Biological Station, |cOctober 1973.
300 |a1 online resource (127 pages).
336 |atext|btxt|2rdacontent
337 |acomputer|bc|2rdamedia
338 |aonline resource|bcr|2rdacarrier
4901 |aFisheries Research Board of Canada, technical report ; |vNo. 431
500 |a"This is the sixtieth FRB Technical Report from the Fisheries Research Board of Canada, Biological Station, St. Andrews, N.B."
504 |aIncludes bibliographical references (pages 103-127).
5203 |a"A detailed review of a number of examples of failure to accelerate molting following eyestalk ablation is given. In some cases of such failure to accelerate molting (indeed, it is usually inhibition of molting) it is reported that reproductive development has been stimulated ; the "antagonism" between somatic and reproductive growth, which is seen in intact animals, has therefore been invoked by various authors to explain the observed failure of eye-stalk ablation to accelerate molting"--Abstract, page 7.
650 0|aCrustacea|xDevelopment.
650 0|aMolting.
650 6|aCrustacés|xDéveloppement.
650 6|aMue.
7102 |aFisheries Research Board of Canada, |eissuing body.
7101 |aCanada. |bDepartment of Fisheries and Oceans. |bBiological Station (St. Andrews, N.B.), |eissuing body.
830#0|aTechnical report (Fisheries Research Board of Canada)|vNo. 431.|w(CaOODSP)9.507879
85640|qPDF|s23.4 MB|uhttps://publications.gc.ca/collections/collection_2025/mpo-dfo/Fs52-1-431-eng.pdf